Zákon o dani z príjmov v znení platnom k 1. 1. 2009 s komentárom

Zákon č. 595/2003 Z.z. o dani z prájmov v znení ďalších zákonov ... a zákonov č. 465/2008 Z.z., č.514/2008 Z.z., č.563/2008 Z.z. a č. 567/2008 Z.z. Zákon upravuje daň z príjmov fyzickej a právnickej osoby a spôsob platenia a vyberania dane.

Salvato in:
Dettagli Bibliografici
Autore principale: Kováčová, Zdenka
Altri autori: Mezeiová, Viera
Natura: Capitolo di libro
Lingua:slovacco
Soggetti:
Tags: Aggiungi Tag
Nessun Tag, puoi essere il primo ad aggiungerne!!

MARC

LEADER 00000naa$a2200000$$$4500
001 0091141
005 20231120082728.1
041 0 |a slo 
044 |a SK 
245 1 0 |a Zákon o dani z príjmov v znení platnom k 1. 1. 2009 s komentárom  |c Zdenka Kováčová, Viera Mezeiová 
520 |a Zákon č. 595/2003 Z.z. o dani z prájmov v znení ďalších zákonov ... a zákonov č. 465/2008 Z.z., č.514/2008 Z.z., č.563/2008 Z.z. a č. 567/2008 Z.z. Zákon upravuje daň z príjmov fyzickej a právnickej osoby a spôsob platenia a vyberania dane. 
610 2 0 |a dane z príjmov 
610 2 0 |a zákony 
610 2 0 |a Slovensko 
610 2 0 |a 2003-2008 
610 2 0 |a komentáre 
100 1 |a Kováčová, Zdenka 
700 1 |a Mezeiová, Viera